LEADER 00426naa a2200133 i 4500 001 000000326436 003 CaOOAMICUS 005 20180831173522.0 008 180831n it u000 u ita u 013 $a37585 040 $aSeMil$bita 245 12$aL'apostolo Paolo. 773 0 $aPaulus VI $tPaolo 6..$dRoma : Studium, 2016.$z978-88-382-4406-3$gp.55-102$w()186611 996 $6245$aL'apostolo Paolo$9(OLS)http://semarc/title/128464 LEADER 01012nam a2200241 i 4500 001 000000125150 003 CaOOAMICUS 005 20051116000000.0 008 051116s1993 it u000 u ita u 013 $a97849 040 $aSeMil$bita 100 1 $aRiboldi, Mario Ambrogio,$c.$0(OLS)http://semarc/name/22007 245 13$aUn vero Kaló :$b[Zeffirino Jiménez Malla, El Pelé] /$cMario Riboldi. 260 $aMilano :$bLa voce,$c1993. 300 $a182 p. :$bill. ;$c22x25 cm. 500 $acontiene : Bibliografia. - Fondo Card. C.M. Martini. 600 14$aGiménez Malla, Ceferino .$0(OLS)http://semarc/subject/18022 850 $aSeMil 852 $aSeMil$W1$xVenegono$y1$m3H IV 82$j79643$B79643$CSeMilBibl$Z2$F105789 $81 941 1 $a4 961 $aOmaggio: Martini Card. Carlo Maria 996 $6245$aUn vero Kaló :$b[Zeffirino Jiménez Malla, El Pelé]$9(OLS)http://semarc/title/184308 996 $6260$aMilano :$bLa voce$9(OLS)http://semarc/publisher/46409